SOFTWARE PROJECT MANAGEMENT (Record no. 2925)
[ view plain ]
| 000 -LEADER | |
|---|---|
| fixed length control field | 00349nam a2200157Ia 4500 |
| 003 - CONTROL NUMBER IDENTIFIER | |
| control field | OSt |
| 005 - DATE AND TIME OF LATEST TRANSACTION | |
| control field | 20240101104640.0 |
| 008 - FIXED-LENGTH DATA ELEMENTS--GENERAL INFORMATION | |
| fixed length control field | 170524s9999 xx 000 0 und d |
| 020 ## - INTERNATIONAL STANDARD BOOK NUMBER | |
| International Standard Book Number | 9780071072748 |
| 040 ## - CATALOGING SOURCE | |
| Transcribing agency | IIMT UNIVERSITY |
| 100 ## - MAIN ENTRY--PERSONAL NAME | |
| Personal name | HUGHES BOB |
| 100 ## - MAIN ENTRY--PERSONAL NAME | |
| Titles and words associated with a name | 2012 |
| 245 #0 - TITLE STATEMENT | |
| Title | SOFTWARE PROJECT MANAGEMENT |
| 260 ## - PUBLICATION, DISTRIBUTION, ETC. | |
| Place of publication, distribution, etc. | TMH |
| 942 ## - ADDED ENTRY ELEMENTS (KOHA) | |
| Source of classification or shelving scheme | |
| Koha item type | Book Bank |
| Withdrawn status | Lost status | Source of classification or shelving scheme | Damaged status | Not for loan | Home library | Current library | Date acquired | Coded location qualifier | Barcode | Date last seen | Uniform Resource Identifier | Price effective from | Koha item type | Public note | Total Checkouts | Date last checked out | Total Renewals |
|---|---|---|---|---|---|---|---|---|---|---|---|---|---|---|---|---|---|
| IIMT University Central Library Meerut | IIMT University Central Library Meerut | 06/01/2017 | Dept. MBA | 01-B-21829 | 06/01/2017 | MANAGEMENT | 06/01/2017 | Reference Book | |||||||||
| IIMT University Central Library Meerut | IIMT University Central Library Meerut | 06/01/2017 | 01-B-21830 | 06/01/2017 | MANAGEMENT | 06/01/2017 | Book Bank | ||||||||||
| IIMT University Central Library Meerut | IIMT University Central Library Meerut | 06/01/2017 | 01-B-21831 | 06/01/2017 | MANAGEMENT | 06/01/2017 | Book Bank | ||||||||||
| IIMT University Central Library Meerut | IIMT University Central Library Meerut | 06/01/2017 | 01-B-21832 | 06/01/2017 | MANAGEMENT | 06/01/2017 | Book Bank | ||||||||||
| IIMT University Central Library Meerut | IIMT University Central Library Meerut | 06/01/2017 | 01-B-21833 | 06/01/2017 | MANAGEMENT | 06/01/2017 | Book Bank | ||||||||||
| IIMT University Central Library Meerut | IIMT University Central Library Meerut | 06/01/2017 | 01-B-40403 | 06/01/2017 | MANAGEMENT | 06/01/2017 | Reference Book | Engineering Departmental Library books | |||||||||
| IIMT University Central Library Meerut | IIMT University Central Library Meerut | 06/01/2017 | 01-B-40404 | 01/10/2020 | MANAGEMENT | 06/01/2017 | Book Bank | 2 | 10/01/2019 | ||||||||
| IIMT University Central Library Meerut | IIMT University Central Library Meerut | 06/01/2017 | 01-B-40405 | 01/13/2020 | MANAGEMENT | 06/01/2017 | Book Bank | 4 | 09/30/2019 | 3 | |||||||
| IIMT University Central Library Meerut | IIMT University Central Library Meerut | 06/01/2017 | 01-B-40406 | 01/11/2020 | MANAGEMENT | 06/01/2017 | Book Bank | 2 | 11/12/2019 | ||||||||
| IIMT University Central Library Meerut | IIMT University Central Library Meerut | 06/01/2017 | 01-B-40407 | 01/17/2020 | MANAGEMENT | 06/01/2017 | Book Bank | 2 | 10/30/2019 |

